The secret lives of Indian mammals / (Record no. 143760)

MARC details
000 -LEADER
fixed length control field 00574nam a22001817a 4500
005 - DATE AND TIME OF LATEST TRANSACTION
control field 20170824114707.0
010 ## - LCCN (DPL NO)
LC control number ENG-120108
020 ## - INTERNATIONAL STANDARD BOOK NUMBER
Terms of availability 399.00
International Standard Book Number 9789351951155
035 ## - SYSTEM CONTROL NUMBER
System control number EN-103640
037 ## - SOURCE OF ACQUISITION
Source of stock number/acquisition DBAD/PUB
082 ## - DEWEY DECIMAL CLASSIFICATION NUMBER
Classification number 599.0954
100 ## - MAIN ENTRY--PERSONAL NAME
Personal name Menon, Vivek
245 ## - TITLE STATEMENT
Title The secret lives of Indian mammals /
Statement of responsibility, etc by Vivek Menon
260 ## - PUBLICATION, DISTRIBUTION, ETC. (IMPRINT)
Place of publication, distribution, etc Gurgaon
Name of publisher, distributor, etc Hachette Book Publishing
Date of publication, distribution, etc 2017
270 ## - ADDRESS
Address 4th &5 the floor, Corporat Centre Plot NO.94, Sector 44
City Gurgaon
Postal code 122003
300 ## - PHYSICAL DESCRIPTION
Extent 256p. :
Dimensions 21cm(pbk)
Other physical details col
942 ## - ADDED ENTRY ELEMENTS (KOHA)
Source of classification or shelving scheme Dewey Decimal Classification
Item type English Books
Classification part 599.0954
Call number suffix MEN
Holdings
Withdrawn status Lost status Not for loan Collection code Home library Current library Date acquired Source of acquisition Cost, normal purchase price Full call number Barcode Copy number Cost, replacement price Koha item type
    Not For Loan Non-fiction D.B.Act.Division Bawana 24/08/2017 DBAD/PUB 399.00 599.0954 MEN EN-103640 1 399.00 English Books

© Delhi Public Library
Hit Counter
free hit counter